000 00791nam a2200229Ia 4500
003 OSt
005 20220923214129.0
006 a|||||r|||| 00| 0
007 ta
008 220922b |||||||| |||| 00| 0 hin d
024 _a167,187
037 _cTextual
040 _aARTS
_cARTS
_bhin
041 _2hin
_ahin
082 _aO152:1J94:1:9, J3;J6-;5 (TTPH)
100 _aदीन, भगवानदीन
245 0 _aबिहारी-बोधिनी अर्थात बिहारी-सतसई की सरल टीका
246 _aBihārī-bodhinī arthāt bihārī-satasaī kī saral ṭīkā
260 _c1956
942 _hO152:1J94:1:9, J3;J6-;5 (TTPH)
_cTEXL
_2CC
999 _c321666
_d321666